| 000 | 00802nam a22001337a 4500 | ||
|---|---|---|---|
| 040 | _cRUA | ||
| 082 | _aAGR MEA 2017 B644 Or.1 | ||
| 100 | _aMEACH CHANSOPHEA មៀចច័ន្ទសុភា | ||
| 245 | _acomp arison of 15-15-15 fertilizer rates on growth and yield of yard long bean (vigna unguiculata) at royal university of agriculture ប្រៀបធៀបកម្រិតជី១៥-១៥-១៥ លើការលូតលាស់និងទិន្នផលដមណាំសណ្ដែកកួរក្នុងសាកលវិទ្យាល័យភូមិន្ទកសិកម្ម | ||
| 260 |
_aphnom _brua _c2017 |
||
| 300 |
_ax;38p; _bill; _c29cm; |
||
| 856 | _uhttps://drive.google.com/file/d/1eC47Q5DfmrxDOrqlarN9no5Poooero8T/view?usp=sharing | ||
| 942 | _cAGR | ||
| 999 |
_c18173 _d18173 |
||